000 00919nam a2200241 i 4500
001 161399
003 ES-MaACL
005 20250303062548.0
008 010725q1892 sp |||| | spa d
100 1 _aPardo Bazán, Emilia,
_cCondesa de,
_d1851-1921
_9176434
245 1 3 _aLa madre naturaleza
_b: segunda parte de Los pazos de Ulloa : novela /
_cEmilia Pardo Bazán.
250 _a2ª ed.
260 _aMadrid :
_bAdministración,
_c[ca. 1892] (
_fAgustín Avrial, Imp. de la Comp. de Imp. y Libreros)
300 _a375 p. ;
_c19 cm.
490 1 _aObras completas ;
_v4
530 _aDisponible en formato digital.
752 _aEspaña -
_dMadrid
830 0 _aObras completas ;
_v4
_9176447
852 _aES-MaACL
_jB-4084
_z- Enc. hol., conservando cub. original
856 _uhttp://bdh-rd.bne.es/viewer.vm?id=0000201182&page=1
_zBiblioteca Digital Hispánica
942 _2udc
999 _c161399
_d161399